Electromagnetic waves: microwave components and devices (Record no. 41510)

MARC details
000 -LEADER
fixed length control field 00597nam a2200169 a 4500
008 - FIXED-LENGTH DATA ELEMENTS--GENERAL INFORMATION
fixed length control field 120416s1990 ||||||||||||||||| || u
020 ## - INTERNATIONAL STANDARD BOOK NUMBER
International Standard Book Number 0412341905
050 ## - LIBRARY OF CONGRESS CALL NUMBER
Classification number TK 7876 Car
100 ## - MAIN ENTRY--PERSONAL NAME
Personal name Carter, R.G
245 10 - TITLE STATEMENT
Title Electromagnetic waves: microwave components and devices
260 ## - PUBLICATION, DISTRIBUTION, ETC.
Place of publication, distribution, etc. London:
Name of publisher, distributor, etc. Chapman and Hall
Date of publication, distribution, etc. 1990
300 ## - PHYSICAL DESCRIPTION
Extent xii, 331p. : ill
350 ## - PRICE (NR) (BK AM CF MU VM SE) [OBSOLETE]
Price 0.00
650 ## - SUBJECT ADDED ENTRY--TOPICAL TERM
Topical term or geographic name entry element MICROWAVE DEVICES
650 ## - SUBJECT ADDED ENTRY--TOPICAL TERM
Topical term or geographic name entry element ELECTROMAGNETIC WAVES
995 ## - RECOMMENDATION 995 [LOCAL, UNIMARC FRANCE]
-- 0.00
-- CBU-MAIN LIBRARY (Kitwe)
-- 1
-- 17.95
-- AVAILABLE
-- Main Library Open Access Collection
Holdings
Withdrawn status Lost status Source of classification or shelving scheme Damaged status Not for loan Home library Current library Shelving location Date acquired Total Checkouts Full call number Barcode Date last seen Price effective from Koha item type
          CBU-MAIN LIBRARY, KITWE. CBU-MAIN LIBRARY, KITWE.   11/30/2022   TK 7876 Car 016511 11/30/2022 11/30/2022 MONOGRAPH